| 000 | 00482nam a2200157 a 4500 | ||
|---|---|---|---|
| 001 | 000040216 | ||
| 005 | 20240502103719.0 | ||
| 008 | 130819s1969 sp 000 0 spa d | ||
| 040 |
_aDO-SdBNP _bspa _cBNPHU |
||
| 100 | 1 |
_aDeutscher, Isaac, _d1907-1967 _961252 |
|
| 245 | 1 | 3 |
_aLa década de jrushov / _cIsaac Deutscher. |
| 260 |
_aMadrid : _bAlianza Editorial, _c1969. |
||
| 300 |
_a197 p. ; _c19 cm. |
||
| 490 | 1 |
_aEl libro de bolsillo _v329 |
|
| 830 | 0 |
_aEl libro de bolsillo _v329 _94072 |
|
| 999 |
_c39706 _d39706 |
||